| 000 | 00844cam a2200241 4500 | ||
|---|---|---|---|
| 001 | A250 | ||
| 008 | 090401t1991 xxu||||| |||| 00| 0 eng d | ||
| 035 | _a(Sirsi) u95314 | ||
| 041 | _aeng | ||
| 110 |
_aRoyal Institution of Chartered Surveyors _94900 |
||
| 245 | _aPlanning and Compensation Bill : twin-tracking | ||
| 260 |
_bRICS _c1991 |
||
| 300 | _a3p | ||
| 350 | _a0 | ||
| 490 |
_aRICS Memorandum _vGCPPA/Report (91)13 |
||
| 520 | _aResponse to a consulation paper whichinvites views on a proposal to allow planning authorities to decline to determine a planning application while a similar proposal is the subject of an appeal to the SoS. | ||
| 650 | _aPLANNING AND COMPENSATION BILL | ||
| 650 | _aPLANNING APPLICATIONS | ||
| 650 | _aTWIN-TRACKING | ||
| 690 | _aPLANNING LAW AND PRACTICE | ||
| 942 | _n0 | ||
| 948 | _c04/03/1997 | ||
| 999 |
_c98406 _d98406 |
||